| 000 | 00918nam a22002777a 4500 | ||
|---|---|---|---|
| 003 | EG-ScBUE | ||
| 005 | 20220329122605.0 | ||
| 008 | 220201s2020 ua f 000 f ara d | ||
| 017 | _a2020/13846 | ||
| 020 | _a9789776743298 | ||
| 040 |
_aEG-ScBUE _bara _erda _cEG-ScBUE _dEG-ScBUE |
||
| 082 | 0 | 4 |
_222 _a892.737 _bع ي س |
| 100 | 1 |
_aعيسى، إبراهيم، _d1965- _eمؤلف. _938776 |
|
| 245 | 1 | 0 |
_aكل الشهور يوليو / _cإبراهيم عيسى. |
| 250 | _aالطبعة الأولى. | ||
| 264 | 1 |
_aالقاهرة : _bالكرمة للنشر، _c2020. |
|
| 300 |
_a659 صفحة ؛ _c24 سم |
||
| 336 |
_2rdacontent _aنص _btxt |
||
| 337 |
_2rdamedia _aبدون وسيط _bn |
||
| 338 |
_2rdacarrier _aمجلد _bnc |
||
| 541 | _aBook Fair 2022. | ||
| 650 | 7 |
_aالقصص العربية _zمصر _yقرن 21. _2BUEsh |
|
| 653 |
_bARALIT _cMarch2022 |
||
| 655 |
_vReading book _934232 |
||
| 942 | _2ddc | ||
| 999 |
_c29767 _d29738 |
||